[Event "72nd NED-ch"]
[Site "Amsterdam NED"]
[Date "2016.08.28"]
[Round "7"]
[White "Van Wely, Loek"]
[Black "Van den Doel, Erik"]
[Result "1-0"]
[WhiteElo "2657"]
[BlackElo "2575"]
[EventDate "2016.08.22"]
[PlyCount "73"]

1.d4 d5 2.c4 dxc4 3.e4 Nf6 4.e5 Nd5 5.Bxc4 Nb6 6.Bb3 Nc6 7.Ne2 Bf5 8.Nbc3 
e6 9.O-O Qd7 10.a3 O-O-O 11.Be3 Kb8 12.Qc1 Be7 13.Rd1 Na5 14.Bc2 Bxc2 15.
Qxc2 Nac4 16.Bf4 h5 17.Ne4 Qb5 18.Bg5 f6 19.exf6 gxf6 20.Bxf6 Bxf6 21.Nxf6
Qxb2 22.Qd3 e5 23.Rdb1 Qd2 24.Qxd2 Nxd2 25.Rxb6 axb6 26.dxe5 Rh6 27.Ng3 c5
28.Ngxh5 c4 29.e6 Rxh5 30.Nxh5 c3 31.Nf6 c2 32.Nd7+ Ka7 33.Rc1 Rc8 34.f4 
Nb3 35.Rxc2 Rxc2 36.e7 Rc8 37.Nf6 1-0

[Event "72nd NED-ch"]
[Site "Amsterdam NED"]
[Date "2016.08.28"]
[Round "7"]
[White "Werle, Jan"]
[Black "Van Foreest, Jorden"]
[Result "0-1"]
[WhiteElo "2567"]
[BlackElo "2601"]
[EventDate "2016.08.22"]
[PlyCount "104"]

1.d4 Nf6 2.c4 g6 3.Nf3 Bg7 4.g3 O-O 5.Bg2 d6 6.O-O Bf5 7.Nh4 Be4 8.f3 Bc6 
9.Nc3 e5 10.d5 Bd7 11.e4 Nh5 12.Bh1 f5 13.exf5 gxf5 14.f4 Nxf4 15.Bxf4 
exf4 16.Rxf4 Na6 17.Bg2 Be5 18.Rf1 f4 19.Nf3 Bg7 20.Qd2 Qf6 21.Rae1 Nc5 
22.Ne4 Nxe4 23.Rxe4 fxg3 24.hxg3 Qxb2 25.Qxb2 Bxb2 26.Ng5 Bf5 27.Rh4 Be5 
28.Ne6 Bxg3 29.Rh5 Bg6 30.Rh3 Rxf1+ 31.Bxf1 Be5 32.Rb3 b6 33.Nxc7 Bd4+ 34.
Kh1 Rf8 35.Bd3 Be5 36.Ne6 Rf2 37.Bxg6 hxg6 38.Ra3 a5 39.Rb3 Rc2 40.Rxb6 
Rxc4 41.Rc6 Rb4 42.Nc7 Kf7 43.a3 Rb3 44.a4 Rd3 45.Ra6 g5 46.Rxa5 g4 47.Ne6
Kf6 48.Rb5 Kf5 49.a5 Ra3 50.Nd8 Kf4 51.Nc6 Kg3 52.Rb1 Kf2 0-1